• 首页
  • 本馆介绍
  • 公告通知
  • 最新文献
  • 馆藏检索
  • 电子资源
  • 读者导购
  • 参考咨询
  • 我的图书馆
  • 登录
  • 详细信息显示
  • 放入我的书架
  • 预约/预借图书
  • 作者相关作品
  • 分类相关作品
  • 丛书相关作品
  • 出版社相关作品

书目信息

  • 表格格式
  • 工作单格式
  • 卡片格式
题名:
白俄罗斯歌曲选集
    
 
作者: 薛范 编
分册:  
出版信息: 上海   上海音乐出版社  2017
页数: 159页
开本: 30cm
丛书名:
单 册:
中图分类: J652(511.4)
科图分类:
主题词: 歌曲--作品集--白俄罗斯
电子资源:
ISBN: 978-7-5523-1405-2
000 00775nam0 2200229 450
001 012001011947
005 20140103135315.0
010    @a978-7-5523-1405-2@dCNY150.00
100    @a20190109d2017 em y0chiy50 ea
101 0  @achi@arus
102    @aCN@b310000
105    @aag z 000yy
106    @ar
200 1  @a白俄罗斯歌曲选集@9bai e luo si ge qu xuan ji@f薛范编
210    @a上海@c上海音乐出版社@d2017
215    @a159页@c照片@d30cm
330    @a本书遴选了78首白俄罗斯歌曲,其中50首是创作歌曲,分3个板块:歌唱祖国、歌唱明斯克和歌唱乡土;苏联卫国战争歌曲;爱情歌曲。另外28首是民歌。
606 0  @a歌曲@x作品集@y白俄罗斯
690    @aJ652(511.4)@v5
701  0 @a薛范@9xue fan@f(1934-)@4编
801  0 @aCN@b上海新华@c20191020
905    @b1139124-5@dJ652(511.4)@e705@f2
    
    白俄罗斯歌曲选集/薛范编.-上海:上海音乐出版社,2017
    159页:照片;30cm
    
    
    ISBN 978-7-5523-1405-2:CNY150.00
    本书遴选了78首白俄罗斯歌曲,其中50首是创作歌曲,分3个板块:歌唱祖国、歌唱明斯克和歌唱乡土;苏联卫国战争歌曲;爱情歌曲。另外28首是民歌。
●
相关链接 在E读中查询图书 在五车中查询图书 在当当中查询图书 在豆瓣中查询图书


正题名:白俄罗斯歌曲选集     索取号:J652(511.4)/705         预约/预借

序号 登录号 条形码 馆藏地/架位号 状态 备注
1 1139124   211391242   第一样本阅览室/ [索取号:J652(511.4)/705] 在馆    
2 1139125   211391251   第一借阅区/ [索取号:J652(511.4)/705] 在馆    
唐山师范学院图书馆 欢迎您!
大连网信软件有限公司© 版权所有